Základné makroekonomické proporcie vývoja ekonomiky Slovenska v roku 1996

Enregistré dans:
Détails bibliographiques
Format: Livre
Langue:slovaque
Publié: Bratislava Prognostický ústav SAV 1996
Édition:1. vyd.
Collection:Prognózy Č.1
Sujets:
Tags: Ajouter un tag
Pas de tags, Soyez le premier à ajouter un tag!

MARC

LEADER 00000nam a2200000 4500
001 c012525
005 20221128074636.6
041 0 |a slo 
044 |a SK 
245 1 0 |a Základné makroekonomické proporcie vývoja ekonomiky Slovenska v roku 1996 
250 |a 1. vyd. 
264 1 |a Bratislava  |b Prognostický ústav SAV  |c 1996 
300 |a 38 s. 
490 1 |a Prognózy  |v Č.1 
830 0 |a Prognózy  |v Č.1 
610 2 0 |a prognózy hospodárske 
610 2 0 |a Slovensko 
610 2 0 |a vývoj hospodársky 
610 2 0 |a obchod zahraničný 
610 2 0 |a kapitál zahraničný 
610 2 0 |a produkt domáci hrubý 
610 2 0 |a rozpočet štátny 
610 2 0 |a ceny spotrebiteľské 
610 2 0 |a zamestnanosť 
610 2 0 |a mzdy 
610 2 0 |a dôchodky starobné 
610 2 0 |a spotrebitelia 
610 2 0 |a makroekonomika